书目信息 |
| 题名: |
英汉电力技术词典
|
|
| 作者: | 扬善让 主编 ;英汉电力技术词典编委会 编 | |
| 分册: | ||
| 出版信息: | 北京 中国电力出版社 2004.01 |
|
| 页数: | 1485页 | |
| 开本: | 21cm | |
| 丛书名: | ||
| 单 册: | ||
| 中图分类: | TM-61 | |
| 科图分类: | ||
| 主题词: | 电力工业--dian li gong ye--词典--英、汉 | |
| 电子资源: | ||
| ISBN: | 7-5083-0048-3 | |
| 000 | 01278cam0 2200313 a 450 | |
| 001 | CAL 012000594540 | |
| 005 | 20050620161745.91 | |
| 010 | @a7-5083-0048-3@b精装@dCNY 79.50 | |
| 099 | @aCAL 012000594540 | |
| 100 | @a20000530d2004 ak y0chiy0121 ea | |
| 101 | 0 | @achi |
| 102 | @aCN@b110000 | |
| 105 | @ay e 000yy | |
| 200 | 1 | @a英汉电力技术词典@Aying han dian li ji shu ci dian@dAn English-Chinese Dictionary of Electric Power Technology@f英汉电力技术词典编委会编@Fying han dian li ji shu ci dian bian wei hui bian@zeng |
| 210 | @a北京@c中国电力出版社@d2004.01 | |
| 215 | @a1485页@d21cm | |
| 314 | @a主编杨善让 | |
| 330 | @a本词典共收词汇12万多条,内容覆盖电工电子、电力系统、火电、水电、核电、新能源、输配电、计算机与仪表控制、金属材料、化学、环保等与电力工业相关的专业学科。 | |
| 510 | 1 | @aAn English-Chinese Dictionary of Electric Power Technology@zeng |
| 540 | 1 | @a电力技术词典@ADian Li Ji Shu Ci Dian |
| 606 | @a电力工业@Adian li gong ye@x词典@x英、汉 | |
| 690 | @aTM-61@v4 | |
| 701 | 0 | @a扬善让@Ayang shan rang@4主编 |
| 711 | 0 | @a英汉电力技术词典编委会@Aying han dian li ji shu ci dian bian wei hui@4编 |
| 801 | 0 | @aCN@bSCUTL@c20050620 |
| 801 | 2 | @aCN@bSEU@c20031009 |
| 905 | @a10447@dTM-61@eY628 | |
| 906 | @dCNY70.00@n0@r1 | |
| 998 | @aSCT | |
| 英汉电力技术词典=An English-Chinese Dictionary of Electric Power Technology/英汉电力技术词典编委会编.-北京:中国电力出版社,2004.01 |
| 1485页;21cm |
| ISBN 7-5083-0048-3(精装):CNY 79.50 |
| 本词典共收词汇12万多条,内容覆盖电工电子、电力系统、火电、水电、核电、新能源、输配电、计算机与仪表控制、金属材料、化学、环保等与电力工业相关的专业学科。 |
| ● |
| 相关链接 |
|
|
|
正题名:英汉电力技术词典
索取号:TM-61/Y628
 
预约/预借
| 序号 | 登录号 | 条形码 | 馆藏地/架位号 | 状态 | 备注 |
| 1 | 534504 | 205345045 | 自科二线400A/400A自科库 1排1列2层/ [索取号:TM-61/Y628] | 在馆 | |
| 2 | 534505 | 205345054 | 自科二线400A/400A自科库 1排1列2层/ [索取号:TM-61/Y628] | 在馆 |